Quan hệ VN-Nhật bản tại đà nẵng nhìn từ góc độ hợp tác văn hóa /

Khai quat quan he Viet nam -Nhat Ban

में बचाया:
ग्रंथसूची विवरण
मुख्य लेखक: Nguyễn Quốc Việt
अन्य लेखक: ThS.Le Thi Kim Oanh huong dan
स्वरूप: थीसिस
भाषा:Vietnamese
प्रकाशित: ĐHĐN-Trương ĐH ngoai ngữ, 2014.
विषय:
टैग : टैग जोड़ें
कोई टैग नहीं, इस रिकॉर्ड को टैग करने वाले पहले व्यक्ति बनें!
Thư viện lưu trữ: Mạng thư viện Đại học Đà Nẵng
LEADER 01586na a2200373 4500
001 000032130
003 8120
005 20230407155833.0
008 151001s2014 000 vie
040 |a LNN 
041 |a vie 
082 |a 959.5975131  |b NG-V 
100 |a Nguyễn Quốc Việt 
245 0 |a Quan hệ VN-Nhật bản tại đà nẵng nhìn từ góc độ hợp tác văn hóa /  |c Nguyễn Quốc Việt. 
246 |a Luan văn tot nghiep 
260 |b ĐHĐN-Trương ĐH ngoai ngữ,  |c 2014. 
300 |a 30cm. :  |b 60 tr;. 
502 |a Luan văn sinh vien 
505 |a Chuyen nghanh Quoc te hoc 
520 |a Khai quat quan he Viet nam -Nhat Ban  |x Thực trạng quan he Viet nam-Nhat Ban tai Đa Năng tren linh vưc văn hoa.  |y Giai phap nhăm phat trien hơp tac văn hoa giữa Đa nang va Nhat Ban. 
650 |b Quan hệ Viet Nam - Nhat Ban  |c hợp tác văn hóa.  |a Đa năng 
653 |a Nguyễn Quốc Việt,2014,quan he Vet nam-Nhat Ban tai Đa năng,hơp ta văn hoa 
700 |a ThS.Le Thi Kim Oanh  |b huong dan 
852 |b Luan văn tot nghiep  |c SV Khoa Quoc te hoc 
OWN |a LNN 
AVA |a UDN50  |b LNN  |d 959.5975131 NG-V  |e available  |t Error 5001 Not defined in file expand_doc_bib_avail.  |f 2  |g 0  |h N  |i 0 
999 |a From the UDN01 
AVA |a UDN50  |b LNN  |d 959.5975131 NG-V  |e available  |t Error 5001 Not defined in file expand_doc_bib_avail.  |f 2  |g 0  |h N  |i 0 
TYP |a Dissertation 
TYP |a Printed language 
980 |a Mạng thư viện Đại học Đà Nẵng